000 00208nam a22000977a 4500
999 _c4631
_d4631
008 250306b ||||| |||| 00| 0 eng d
020 _a0514
082 _aFIC DIS
245 _aTHE CRABBY CONDUCTOR
942 _2ddc